Statistics for Which Desert?

Click here to take the quiz!

General Stats

  • This quiz has been taken 14 times
  • The average score is 7 of 14

Answer Stats

HintDesert% Correct
The largest hot desert in the worldSahara
100%
The largest desert in the worldAntarctica
93%
Largest desert in Central AsiaGobi
93%
Desert that Dubai locatesArabian
86%
Southernmost desert in AfricaKalahari
86%
Desert in South America known as the driest place in the worldAtacama
64%
Hottest desert in the United StatesMojave
57%
Largest desert in AustraliaGreat Victoria
43%
Largest desert in South AmericaPatagonian
43%
Largest desert in IndiaThar
21%
Largest desert in North AmericaChihuahuan
14%
Desert in Southwestern Xinjiang, called the Sea of DeathTaklamakan
14%
Desert known as the smallest desert in the world (often referred as
the smallest desert in the world, but actually a series of northern sand dunes)
Carcross
7%
Desert with the biggest salt flat in the worldUyuni
0%

Score Distribution

Percentile by Number Answered

Percent of People with Each Score

Your Score History

You have not taken this quiz